| 000 | 00612nam a22001697a 4500 | ||
|---|---|---|---|
| 003 | NUST | ||
| 038 | _aNusrat Nadeem | ||
| 082 | _a200 | ||
| 100 |
_aMubashir, Memona _9120900 |
||
| 245 |
_aJoint Offloading and Resource Allocation Schemes based on Different Users’ Requirements in Vehicular Edge Computing and Networks/ _cMemona Mubashir, |
||
| 264 |
_aIslamabad, _bSEECS NUST, _c2024. |
||
| 300 |
_aill: _b102,p: _c30,cm. |
||
| 650 |
_aMS-Electrical Engineering _923567 |
||
| 700 |
_aSupervisor: Dr. Rizwan Ahmad _997238 |
||
| 856 | _uhttp://10.250.8.41:8080/xmlui/handle/123456789/42183 | ||
| 942 |
_2ddc _cSC |
||
| 999 |
_c607930 _d607930 |
||